The complete English language companion.
| Published: |
New Lanark, Scotland:
Gaddes & Grosset,
2007.
|
|---|---|
| Subjects: |
| LEADER | 00551cam a2200157 7i4500 | ||
|---|---|---|---|
| 001 | 0000041384 | ||
| 005 | 20230712090000.0 | ||
| 020 | |a 9781842053324 (pbk.) | ||
| 090 | 0 | 0 | |a PE1075 |b .C63 2007 |
| 245 | 0 | 4 | |a The complete English language companion. |
| 260 | |a New Lanark, Scotland: |b Gaddes & Grosset, |c 2007. | ||
| 300 | |a 703 p.; |c 24 cm. | ||
| 650 | 0 | 0 | |a English language -- |x Study and teaching |
| 997 | |a Education & Social Sciences, Faculty |b Language Education, Department | ||
| 998 | |a TESL, Diploma | ||
| 999 | |a 0000001415 |b BOK |c REFERENCE |e Ground Floor, Bestari Jaya | ||


